| 000 | 00681nam a2200277Ia 4500 | ||
|---|---|---|---|
| 005 | 20251020182548.0 | ||
| 008 | 200515s9999 xx 000 0 und d | ||
| 020 | _a978-84-413-2417-6 | ||
| 082 | _a909/S28/t.1 | ||
| 100 | _aScarpari, Maurizio | ||
| 245 | 0 | _aAntigua China : Una cultura milenaria | |
| 260 | _aBarcelona | ||
| 260 | _bFolio | ||
| 260 | _c2008 | ||
| 300 | _a144 p. | ||
| 300 | _bil, col., fot. | ||
| 490 | _aGRANDES CIVILIZACIONES | ||
| 500 | _a1 ejemplar | ||
| 520 | _aTesoros artÃsticos de la cultura milenaria China. | ||
| 650 | _aARQUITECTURA | ||
| 650 | _aARTE | ||
| 650 | _aCHINA | ||
| 650 | _aHISTORIA | ||
| 942 | _cLIB | ||
| 999 |
_c2638 _d2638 |
||